00779nam a2200169 a 450000100100000000500170001000800410002704000250006824501550009326000510024830000350029949000700033483000740040404900090047895201050048799900170059200003199320250924073803.0110707s2004 dr 000 0 spa d aDO-SdBNPbspacBNPHU00aPalabras pronunciadas por el rector magnífico, Dr. Porfirio García Fernández en el acto de inaguración de la III puerta monumental de la UASD. aSanto Domingo :bEditora Universitaria,c2004. a16 p. :bil., retrs. ;c16 cm.1 aPublicaciones de la Universidad Autónoma de Santo Domingov11631 aPublicaciones de la Universidad Autónoma de Santo DomingoV1163952 aBNPD 0010718PDaPDbPDcCTd2011-07-07iLF1l0o p31993-10r2020-06-25w2020-06-25yLFPDZNo se presta c31484d31484